Jan Bočan

Gespeichert in:
Bibliographische Detailangaben
Weitere Verfasser: Železný, Jakub (Herausgegeben von)
Format: Buch
Sprache:Tschechisch
Englisch
Veröffentlicht: Praha : Člověk a prostor, 2012
Schlagworte:
Tags: Tag hinzufügen
Keine Tags, Fügen Sie das erste Tag hinzu!

MARC

LEADER 00000nam a22000003a 4500
001 stu289574
005 20150617230257.0
008 140519s2012------------------------cze-d
020 |a 978-80-260-3294-6 
040 |a STU  |b slo 
041 0 |a cze  |a eng 
100 1 |a Železný, Jakub  |4 edt 
245 1 |a Jan Bočan 
260 |a Praha :  |b Člověk a prostor,  |c 2012 
300 |a 258 s 
650 7 |a Bočan, Jan  |2 stusub 
650 7 |a architekti českí  |2 stusub 
650 7 |a architektúra československá  |2 stusub 
650 7 |a brutalizmus  |2 stusub 
650 7 |a veľvyslanectvo čs., Londýn  |2 stusub 
650 7 |a veľvyslanectvo čs., Stockholm  |2 stusub 
650 7 |a veľvyslanectvo čes., Tbilisi  |2 stusub 
650 7 |a Hlavní nádraží, Praha  |2 stusub 
650 7 |a polyfunkčný dom  |2 stusub 
650 7 |a interiér  |2 stusub 
650 7 |a nábytok  |2 stusub 
650 7 |a Česká republika  |2 stusub 
996 |b 284AU06120  |c A*8996 U  |l AAKNAR  |s A  |a 24  |w stu289574_0001